000 00567nam a2200181Ia 4500
008 090630s9999 xx 000 0 und d
082 _b28613
100 _aखडसे एकनाथ.
245 _aबहुजन हिताय.
_cखडसे एकनाथ.
260 _bअनघा - ठाणे.
_c2004
300 _a287
600 _aखडसे एकनाथ.
630 _aबहुजन हिताय.
655 _aइतर.
700 _aखडसे एकनाथ.
730 _aबहुजन हिताय.
942 _cBOOK
999 _c280469
_d280469